Uzávierkové účtovné operácie v sústave jednoduchého účtovníctva

Pokračovanie príspevku z predchádzajúzceho čísla. Stať pokračuje okrem iného aj príkladom, kedy môže podnikateľ uplatniť ako daňový výdavok podľa zákona o dani z príjmov aj zostatkovú cenu hmotného majetku pri jeho vyradení predajom alebo likvidáciou alebo pomernú časť zostatkovej ceny vzťahujúcej s...

Ausführliche Beschreibung

Gespeichert in:
Bibliographische Detailangaben
1. Verfasser: Strählová, Jarmila
Format: Buchkapitel
Sprache:Slowakisch
Schlagworte:
Tags: Tag hinzufügen
Keine Tags, Fügen Sie das erste Tag hinzu!

MARC

LEADER 00000naa a2200000 4500
001 0163744
005 20231208085612.6
041 0 |a slo 
044 |a SK 
245 1 0 |a Uzávierkové účtovné operácie v sústave jednoduchého účtovníctva  |c Jarmila Strählová 
520 |a Pokračovanie príspevku z predchádzajúzceho čísla. Stať pokračuje okrem iného aj príkladom, kedy môže podnikateľ uplatniť ako daňový výdavok podľa zákona o dani z príjmov aj zostatkovú cenu hmotného majetku pri jeho vyradení predajom alebo likvidáciou alebo pomernú časť zostatkovej ceny vzťahujúcej sa na predanú alebo likvidovanú časť majetku. 
610 2 0 |a operácie účtovné 
610 2 0 |a podnikatelia 
610 2 0 |a účtovníctvo jednoduché 
610 2 0 |a majetok hmotný 
100 1 |a Strählová, Jarmila